[Event "PNWCC Online blitz JP 2nd"]
[Site "Chess.com INT"]
[Date "2020.03.21"]
[Round "9"]
[White "Kang, Dorian"]
[Black "Chin, Spencer"]
[Result "1-0"]
[WhiteElo "2015"]
[BlackElo "1724"]
[PlyCount "117"]
[EventDate "2020.03.21"]
[EventType "swiss (blitz)"]
[EventRounds "11"]
[EventCountry "USA"]
[SourceTitle "CBM 195 Extra"]
[Source "ChessBase"]
[SourceDate "2020.05.31"]
[SourceVersion "1"]
[SourceVersionDate "2020.05.31"]
[SourceQuality "1"]

1. e4 c5 2. Nf3 e6 3. Nc3 a6 4. d3 Nc6 5. g3 d5 6. exd5 exd5 7. Bg2 Nf6 8. 0-0 Be7 9. Re1 0-0 10. d4 b6 11. Bg5 Bb7 12. Bxf6 Bxf6 13. dxc5 Bxc3 14. bxc3 bxc5 15. Rb1 Rb8 16. Qd2 Ne7 17. Ne5 Ng6 18. Nxg6 hxg6 19. Red1 Qa5 20. c4 Qxa2 21. cxd5 Rfd8 22. Qc3 Bxd5 23. Rxb8 Rxb8 24. Bxd5 Qa4 25. Qxc5 Rf8 26. Qc6 Qxc6 27. Bxc6 Rc8 28. Ba4 a5 29. Rd5 Ra8 30. Rc5 Kf8 31. Rc7 Rb8 32. Bb3 f6 33. Rf7+ Ke8 34. Rxg7 Rd8 35. Rg8+ Ke7 36. Rxd8 Kxd8 37. Kf1 Ke7 38. Ba4 Kd6 39. Ke2 Ke5 40. Ke3 Kd5 41. Kd3 Kc5 42. Kc3 Kd5 43. f3 Kc5 44. Bb3 g5 45. h4 gxh4 46. gxh4 Kd6 47. h5 Ke7 48. h6 Kf8 49. Ba2 f5 50. Kd4 f4 51. Ke5 a4 52. Kf6 Ke8 53. h7 Kd7 54. h8Q Kc6 55. Qb8 Kc5 56. c3 a3 57. Ke5 Kc6 58. Bd5+ Kc5 59. Qb4# 1-0